| 000 | 00865cam a22002413a 4500 | ||
|---|---|---|---|
| 001 | 31729 | ||
| 003 | PGUSA | ||
| 005 | 20140828083703.0 | ||
| 008 | 100322s2010||||xxu|||||s|||||000 | eng d | ||
| 040 |
_aPGUSA _beng |
||
| 042 | _adc | ||
| 050 | 4 | _aSB | |
| 245 | 1 | 4 |
_aThe Apple : _bThe Kansas Apple, the Big Red Apple; the Luscious, Red-Cheeked First Love of the Farmer's Boy; the Healthful, Hearty Heart of the Darling Dumpling. What It Is; How to Grow It; Its Commercial and Economic Importance; How to Utilize It. _h[electronic resource] |
| 260 |
_bProject Gutenberg, _c2010 |
||
| 506 | _aPublic domain in the USA. | ||
| 516 | _aElectronic text | ||
| 653 | _aApples | ||
| 700 | 1 | _aBarnes, William H. | |
| 700 | 1 | _aKansas State Horticultural Society | |
| 830 | 0 |
_aProject Gutenberg _v31729 |
|
| 856 | 4 | 0 | _uhttp://www.gutenberg.org/ebooks/31729 |
| 942 | _cEB | ||
| 999 |
_c260984 _d260984 |
||